000 00659nam a2200229 a 4500
001 BRCA_6947
005 20190320205643.0
008 171111s1924----mx-#######---#000-0#spa-#
041 _aspa
044 _amx
050 4 _aPT2026
_b.F2 R68 1924
100 1 _aGoethe, Johann Wolfgang von
_d1749-1832
_917311
245 1 0 _aFausto
_cGoethe ; traducido por J. Roviralta Borrell.
260 _aMéxico
_bUniversidad Nacional de México
_c1924
300 _a501 p.
_c19 cm.
500 _aCon dedicatoria a Franz Mayer
500 _aO177
650 1 4 _aLiteratura Alemana
_96160
700 1 _aRoviralta Borrell, J.
_etr.
_917312
902 _aGFM
942 _2lcc
_cB
999 _c6629
_d6629